Hình tượng con người Nam Bộ trong văn xuôi Nguyễn Thi
Nguyễn Thi - nhà văn của năm tháng chưa xa. Văn xuôi Nguyễn Thi - bộ sưu tập chân dung con người Nam Bộ thời chống Mỹ. Nghệ Thuật thể hiện hình tượng con người Nam Bộ.
Сохранить в:
| Главный автор: | |
|---|---|
| Другие авторы: | |
| Формат: | |
| Язык: | Vietnamese |
| Опубликовано: |
Đại học Đà Nẵng
Trường Đại học Sư phạm
2008
|
| Серии: | Khóa luận tốt nghiệp Đại học. Chuyên ngành: Ngành Sư phạm Ngữ văn
|
| Предметы: | |
| Метки: |
Добавить метку
Нет меток, Требуется 1-ая метка записи!
|
| Thư viện lưu trữ: | Mạng thư viện Đại học Đà Nẵng |
|---|
| LEADER | 01546nam a2200349 4500 | ||
|---|---|---|---|
| 001 | 000011030 | ||
| 003 | 7258 | ||
| 005 | 20120110140120.0 | ||
| 008 | 120110s2008 viesd | ||
| 041 | |a vie | ||
| 072 | |a Khóa luận tốt nghiệp | ||
| 082 | |a 895.922808 |b BU-C | ||
| 100 | 1 | |a Bùi, Thị Chanh | |
| 245 | 1 | |a Hình tượng con người Nam Bộ trong văn xuôi Nguyễn Thi |c Bùi, Thị Chanh | |
| 260 | |a Đại học Đà Nẵng |b Trường Đại học Sư phạm |c 2008 | ||
| 300 | |a 59 tr. |c 29 cm | ||
| 490 | |a Khóa luận tốt nghiệp Đại học. Chuyên ngành: Ngành Sư phạm Ngữ văn | ||
| 500 | |a Tài liệu tham khảo 58 tr. - 59 tr. | ||
| 520 | |a Nguyễn Thi - nhà văn của năm tháng chưa xa. Văn xuôi Nguyễn Thi - bộ sưu tập chân dung con người Nam Bộ thời chống Mỹ. Nghệ Thuật thể hiện hình tượng con người Nam Bộ. | ||
| 653 | |a Khóa luận tốt nghiệp Đại học | ||
| 653 | |a Khoa Ngữ văn | ||
| 700 | 1 | |a Nguyễn, Thị Bích Hường |c Th.S |e Hướng dẫn | |
| OWN | |a LSP | ||
| AVA | |a UDN50 |b LSP |d 895.922808 BU-C |e available |t Error 5001 Not defined in file expand_doc_bib_avail. |f 1 |g 0 |h N |i 0 |k 1 | ||
| 999 | |a From the UDN01 | ||
| AVA | |a UDN50 |b LSP |d 895.922808 BU-C |e available |t Error 5001 Not defined in file expand_doc_bib_avail. |f 1 |g 0 |h N |i 0 |k 1 | ||
| TYP | |a Monograph | ||
| TYP | |a Printed language | ||
| 980 | |a Mạng thư viện Đại học Đà Nẵng | ||